| 000 | 00595nam a2200241Ia 4500 | ||
|---|---|---|---|
| 001 | Para_4857 | ||
| 003 | CHAP | ||
| 008 | 220125s[199 xx 000 0 und d | ||
| 010 | _a203298 | ||
| 040 | _cCHAP | ||
| 090 | _aPA FOLLETO 2260 | ||
| 245 | _aClave para la clasificación de hongos imperfectos | ||
| 260 |
_a[s.l.] : _b [s.n.] |
||
| 300 | _a20 p. | ||
| 650 |
_aDeuteromicetos _932226 |
||
| 901 | _aPA FOLLETO 2260 | ||
| 902 | _aA | ||
| 905 | _a000000[19--] [SL 0000000000 00 | ||
| 910 | _a[19- | ||
| 942 | _cPARA | ||
| 942 |
_cPARA _d1 |
||
| 999 |
_c203298 _d203298 |
||